Estatísticas para Cultura Geral

Clique aqui para jogar o quiz

Estatísticas Gerais

  • Esse quiz foi jogado 19 vezes
  • A pontuação média é 9 de 15

Estatísticas das Respostas

HintResposta% Correto
De que cor é a pantera mais famosa do mundo?Rosa
94%
Qual é o maior deserto da África?Saara
94%
Que forma de dança conhecida se originou na Argentina e no Uruguai?Tango
88%
Que país faz fronteira apenas com a China e a Rússia?Mongólia
82%
Qual é a montanha mais alta do Japão?Monte Fuji
82%
Qual o álbum mais vendido do Michael Jackson?Thriller
76%
Como se chama o famoso movimento de dança feito pelo Michael Jackson?Moonwalk
65%
Qual é a montanha mais alta da África?Kilimanjaro
53%
Que grande macaco só pode ser encontrado na Indonésia e na Malásia?Orangotango
53%
Qual era a alcunha do Michael Jackson?Rei do Pop
47%
Qual região italiana tem sua capital em Florença?Toscana
47%
Que pessoas invadiram a Escócia no século VIII?Vikings
41%
De que animal Indiana Jones tinha medo?Cobras
29%
Que país tem como capital Port-of-Spain?Trindade e Tobago
24%
O que Peter Carl Fabergé "inventou" que o fez ficar famoso?Fabergé Eggs
6%

Distribuição das Pontuações

Percentil de Números Respondidos

Porcentagem de Pessoas com Cada Pontuação

Sua Pontuação Histórica

Você não jogou esse quiz